Molecular Biology (Record no. 5139)

MARC details
000 -LEADER
fixed length control field 00378nam a22001697a 4500
005 - DATE AND TIME OF LATEST TRANSACTION
control field 20160702094943.0
008 - FIXED-LENGTH DATA ELEMENTS--GENERAL INFORMATION
fixed length control field 160702b xxu||||| |||| 00| 0 eng d
020 ## - INTERNATIONAL STANDARD BOOK NUMBER
ISBN 978-93-82332-305
041 ## - LANGUAGE CODE
Language code of text/sound track or separate title eng
082 ## - DEWEY DECIMAL CLASSIFICATION NUMBER
Item number 20827
100 ## - MAIN ENTRY--AUTHOR NAME
Personal name Gakhar SK & other
245 ## - TITLE STATEMENT
Title Molecular Biology
260 ## - PUBLICATION, DISTRIBUTION, ETC. (IMPRINT)
Name of publisher I K
300 ## - PHYSICAL DESCRIPTION
Number of Pages 119
650 ## - SUBJECT ADDED ENTRY--TOPICAL TERM
Topical Term Agriculture
942 ## - ADDED ENTRY ELEMENTS (KOHA)
Koha item type Books
Holdings
Lost status Damaged status Collection code Home library Current library Shelving location Date acquired Source of acquisition Cost, normal purchase price Full call number Accession Number Koha item type
    Reference JRU Library JRU Library SHELF - 12 - C 02/07/2016 PURCHASE 145.00 571.6 20827 Books
    AGRICULTURE JRU Library JRU Library SHELF-44-B 02/07/2016   145.00 20827 20828 Books